| 000 | 00677nmc a2200277 a 4500 | ||
|---|---|---|---|
| 003 | AR-BaBNM | ||
| 005 | 20251128211539.0 | ||
| 008 | 184120s1992 ||||||||||||||000 | spa|| | ||
| 020 | _a0-435-27237-3 | ||
| 040 | _cAR-BaBNM | ||
| 100 | 1 | _aSteinbeck, John | |
| 245 | 1 | 0 | _aThe pearl |
| 260 |
_aOxford _bHeinemann _c1992 |
||
| 300 |
_a63 p. _bil. |
||
| 490 | 0 | _aGuided Readers | |
| 500 | _aNivel intermedio | ||
| 650 | 4 | _aENSENANZA DE IDIOMAS | |
| 650 | 4 | _aINGLES | |
| 650 | 4 | _aCUENTOS | |
| 653 | _aLITERATURA DIDACTICA | ||
| 700 | 1 |
_aPaine, M. J. _eadaptador |
|
| 700 | 1 |
_aMahon, Phyllis _eilustrador |
|
| 800 | 1 | _aMilne, John | |
| 942 | _cBK | ||
| 998 | _cEugenia | ||
| 999 |
_c20130 _d20130 |
||